Cien; antología de antologías /

Guardado en:
Autor Principal: Grabivker, Mario
Otros Autores: Ramb, Ana María
Formato: Libro
Publicado: Buenos Aires : Instituto Movilizador de Fondos Cooperativos, 2000
Materias:
Etiquetas: Agregar Etiqueta
Sin Etiquetas, Sea el primero en etiquetar este registro!
LEADER 00526nam a22001815a 4500
001 CEM.cems010815
005 20060214000000.0
008 130507s2000##################000#0#####d
003 CEMS
082 0 4 |a 808.8 
100 1 |a Grabivker, Mario 
245 1 0 |a Cien; antología de antologías / 
260 |a Buenos Aires :  |b Instituto Movilizador de Fondos Cooperativos,  |c 2000 
300 |a 127 p. 
653 |a Antologias 
653 |a Literatura 
700 1 |a Ramb, Ana María 
859 |a CEMS  |b BIB. CEMS - 11 de abril  |h 808.8  |i G752  |p 21485.01  |t Ej.1